Music Quiz

Random Music or Popular Quiz

Popular Songs of 2010 by Lyrics Quiz Stats

 Plays Quiz not verified by Sporcle

Score 0/24 Timer 05:00
0 Plays Today
Lyric Song % Correct
'I could really use a wish right now, wish right now, wish right now...'Airplanes
80.9%
'Now the party don't start 'till I walk in...'Tik Tok
80%
'Just gonna stop and watch me burn...'Love the Way You Lie
71.9%
'And when you smile, the whole world stops and stares for a while...'Just the Way You Are
70.8%
''Cause I told you once, and I told you twice, I'm gonna rock this world...'Dynamite
63.6%
'Don't call my name, don't call my name...'Alejandro
63.6%
'West Coast represent, now put your hands up...'California Girls
63.4%
'Poppin' bottles in the ice, like a blizzard...'Like a G6
62.7%
'What you've got boy, is hard to find...'Your Love is My Drug
60.5%
'Beautiful girls, all over the world...'Nothin' on You
59%
'Baby let me love you down...'OMG
58.1%
'I have got no service in the club...'Telephone
57.2%
Lyric Song % Correct
'You know you love me, you know you care...'Baby
52%
'We can dance until we die...'Teenage Dream
52%
''Cause when the roof caved in and the truth came out...'Whatcha Say
50.4%
'I was thinking about her, thinking about me...'Just a Dream
49.8%
'If you fall for me, I'm not easy to please...'Break Your Heart
48.5%
'Every time I touch that track it turns into gold...'Magic
44.1%
'Girl please excuse me if I'm coming off too strong...'I Like It
36.4%
'Take it, take it, love me, love me...'Rude Boy
30.5%
'What are you waiting for? Take a bite of my heart tonight...'Animal
29.4%
'Get that bodies rockin' from side to side...'DJ Got Us Falling In Love Again
22.8%
'Watchin' you watchin' me I go all out...'The Club Can't Handle Me
21.9%
'Like I'm the only one that you'll ever love...'Only Girl (In the World)
17.3%

You're not logged in!

Compare scores with friends on all Sporcle quizzes.
OR
Log In

Show Comments

Extras

Top Quizzes Today


Score Distribution

Your Account Isn't Verified!

In order to create a playlist on Sporcle, you need to verify the email address you used during registration. Go to your Sporcle Settings to finish the process.

Report this User

Report this user for behavior that violates our Community Guidelines.

Details: